| 000 | 01737cad a22002175a 4500 | ||
|---|---|---|---|
| 001 | L124889 | ||
| 008 | 040122s2003 xxk l f000 0 eng u | ||
| 020 | _a0110484002 | ||
| 035 | _a(Sirsi) u124889 | ||
| 041 | _aeng | ||
| 245 | 0 | 0 |
_aMoney Laundering Regulations 2003 _h[electronic resource] |
| 260 |
_aLondon _bHMSO _c2003 |
||
| 490 |
_aSI _v2003: 3075 |
||
| 520 | _aCome into force 1 March 2004 with the exception of Reg 10 which comes into force on 1 April 2004 together with Reg 2(3)(h) on 31 October 2004 and Reg 2(3)(i) on 14 January 2005. Revoke the Money Laundering Regulations 1993 and 2001. Part II outlines obligations for businesses and individuals to put systems into place for identifying possible money laundering offences which include training staff in identification procedures, record keeping and setting up internal reporting procedures. Part III outlines registration procedures for money service operators and high value dealers, sets out the powers of the Custom and Excise Commissioners in relation to money service operators and high value dealers and lists penalties, review and appeal procedures. Part IV deals with miscellaneous provisions. HM Treasury has published a Transposition Note (J124894)setting out how the main elements of Directive 2001/97/EC will be transposed into UK law. See Explanatory Note for further details. View at www.legislation.hmso.gov.uk/si | ||
| 650 | _aMONEY LAUNDERING | ||
| 650 | _aMONEY LAUNDERING REGULATIONS 2003 | ||
| 650 | _aDIRECTIVE 2001/97/EC | ||
| 690 | _aMANAGEMENT-BUSINESS MANAGEMENT-FINANCIAL MANAGEMENT | ||
| 856 |
_uhttps://www.legislation.gov.uk/uksi/2003/3075/contents/made _zView the Regulations free of charge at www.legislation.gov.uk |
||
| 942 | _n0 | ||
| 999 |
_c103304 _d103304 |
||